Sports Quiz

Random Sports or NFL Quiz

NFL - NFC TE, 2,000+ Yds Quiz Stats

 Plays Quiz Updated Apr 27, 2018

Challenge
Share
Tweet
Embed
Score 0/72 Timer 08:00
0 Plays Today
Team Player % Correct
CowboysJason Witten
86.7%
SeahawksJimmy Graham
78.6%
FalconsTony Gonzalez
74%
PanthersGreg Olsen
73.6%
49ersVernon Davis
70.5%
RedskinsFred Davis
70.1%
SaintsJimmy Graham
69.5%
EaglesZach Ertz
64.1%
RedskinsJordan Reed
54.1%
VikingsKyle Rudolph
52.3%
EaglesBrent Celek
51.6%
GiantsJeremy Shockey
51%
EaglesL.J. Smith
49.6%
CardinalsJackie Smith
49.4%
RedskinsJerry Smith
49.4%
BearsMartellus Bennett
48.3%
49ersBrent Jones
42.9%
BearsMike Ditka
41%
EaglesKeith Jackson
37.7%
RedskinsChris Cooley
33.4%
BearsDesmond Clark
32.9%
PackersJermichael Finley
32.2%
BucsKellen Winslow
31.4%
PackersBubba Franks
31%
GiantsMark Bavaro
31%
FalconsAlge Crumpler
28.2%
CowboysJay Novacek
28%
LionsEric Ebron
25.8%
LionsBrandon Pettigrew
24.5%
PackersMark Chmura
22.5%
EaglesChad Lewis
18.4%
GiantsAaron Thomas
16.5%
VikingsVisanthe Shiancoe
15.5%
RamsLance Kendricks
13.5%
PanthersWesley Walls
10.5%
VikingsSteve Jordan
10.4%
Team Player % Correct
LionsCharlie Sanders
9.9%
EaglesCharle Young
9.4%
LionsDavid Hill
8.4%
CowboysBilly Joe DuPree
6.6%
FalconsJim Mitchell
5.8%
49ersRuss Francis
5.5%
GiantsHoward Cross
5.5%
CowboysFrank Clarke
5%
PackersEd West
4.3%
BucsJimmie Giles
4%
PackersPaul Coffman
4%
RedskinsDon Warren
4%
CowboysDoug Cosbie
3.7%
BucsRon Hall
3.6%
EaglesPete Retzlaff
2.9%
BearsEmery Moorehead
2.8%
GiantsBob Tucker
2.8%
EaglesJohn Spagnola
2.5%
EaglesKeith Krepfle
2.4%
LionsDavid Sloan
2.3%
SaintsHoby Brenner
2.3%
CardinalsDoug Marsh
2.1%
PackersRon Kramer
2.1%
49ersTed Kwalick
1.7%
PackersRich McGeorge
1.5%
SaintsHenry Childs
1.3%
RamsCarroll Dale
1.2%
SaintsDave Parks
1.1%
49ersBernie Casey
0.9%
RamsBilly Truax
0.9%
EaglesGary Ballman
0.6%
EaglesBobby Walston
0.6%
49ersMonty Stickles
0.6%
LionsJim Gibbons
0.6%
BearsJim Dooley
0.4%
GiantsBob Schnelker
0.4%

You're not logged in!

Compare scores with friends on all Sporcle quizzes.
OR
Log In

You Might Also Like...

Show Comments

Extras

Top Quizzes Today


Score Distribution

Your Account Isn't Verified!

In order to create a playlist on Sporcle, you need to verify the email address you used during registration. Go to your Sporcle Settings to finish the process.

Report this User

Report this user for behavior that violates our Community Guidelines.

Details: